Stability theory of structures (Record no. 11602)

000 -LEADER
fixed length control field 00539nam a2200205 4500
001 - CONTROL NUMBER
control field 11602
003 - CONTROL NUMBER IDENTIFIER
control field BD-DhUET
008 - FIXED-LENGTH DATA ELEMENTS--GENERAL INFORMATION
fixed length control field 150217b xxu||||| |||| 00| 0 eng d
020 ## - INTERNATIONAL STANDARD BOOK NUMBER
International Standard Book Number 0074515160
040 ## - CATALOGING SOURCE
Transcribing agency 0
Modifying agency BD-DhUET
082 ## - DEWEY DECIMAL CLASSIFICATION NUMBER
Classification number 624.17
Item number KUM/1985
100 ## - MAIN ENTRY--PERSONAL NAME
Personal name Kumar, Ashwini
245 ## - TITLE STATEMENT
Title Stability theory of structures
250 ## - EDITION STATEMENT
Edition statement 1st ed.
260 ## - PUBLICATION, DISTRIBUTION, ETC. (IMPRINT)
Place of publication, distribution, etc. New Delhi
Name of publisher, distributor, etc. Tata McGraw-Hill Publishing
Date of publication, distribution, etc. 1985
300 ## - PHYSICAL DESCRIPTION
Extent x,195 p.
Other physical details ill.
504 ## - BIBLIOGRAPHY, ETC. NOTE
Bibliography, etc Includes bibliographies
650 #0 - SUBJECT ADDED ENTRY--TOPICAL TERM
Topical term or geographic name as entry element Stability : Structural engineering
942 ## - ADDED ENTRY ELEMENTS (KOHA)
Koha item type General Book
Holdings
Date acquired Damaged status Sublocation or collection (holding branch) Not for loan Source of classification or shelving scheme Piece designation (barcode) Koha item type Koha date last seen Location (home branch) Shelving location Copy number Koha full call number Price effective from Withdrawn status Koha normalized classification for sorting Lost status
2015-02-17 Central Library, BUET  65949General Book2015-02-17Central Library, BUETCirculation section1624.17/KUM/19852015-02-17 624_170000000000000_KUM_1985 
2015-02-17 Central Library, BUET  65947General Book2015-02-17Central Library, BUETCirculation section2624.17/KUM/19852015-02-17 624_170000000000000_KUM_1985 
2015-02-17 Central Library, BUET  65948General Book2015-02-17Central Library, BUETCirculation section3624.17/KUM/19852015-02-17 624_170000000000000_KUM_1985 
2015-02-19 Central Library, BUET  65950 General Book2015-02-19Central Library, BUETCirculation section4624.17 /KUM/19852015-02-19 624_170000000000000_KUM_1985 
2015-03-12 Central Library, BUET  65946General Book2015-03-12Central Library, BUETCirculation section5624.17/KUM/19852015-03-12 624_170000000000000_KUM_1985